000
00355nam a2200157Ia 4500
008
230524s9999 xx 000 0 und d
082
_a
5.133
_b
COR
100
_a
Gary Cornell
245
0
_a
Visual Basic 6
250
_a
1ST
260
_a
NEW DELHI
_b
TMH
_c
2005
300
_a
XIX;905
500
_a
Quantity Number: 2
650
_a
Comp-Sc
942
_c
BK
999
_c
33564
_d
33564